Estudios sobre financierización en América Latina

Salvato in:
Dettagli Bibliografici
Autori principali: Abeles, Martín (Autore), Pérez Caldentey, Esteban (Autore), Valdecantos, Sebastián (Autore)
Natura: Libro
Lingua:spagnolo
Pubblicazione: Santiago CEPAL 2018
Edizione:1a. ed
Serie:Libros de la CEPAL, 152
Soggetti:
Tags: Aggiungi Tag
Nessun Tag, puoi essere il primo ad aggiungerne!!

MARC

LEADER 00000cam a2200000 a 4500
001 UCC4019
003 CL-VaPUC
008 180629e20180000cl |||||||||||||||||spa|d
020 |a 9789211219814 
082 0 4 |a 338.9  |b ABE  |2 21 
100 0 |a Abeles, Martín  |e author  |9 598138 
700 0 |a Pérez Caldentey, Esteban  |e author  |9 598139 
700 0 |a Valdecantos, Sebastián  |e author  |9 598140 
245 1 0 |a Estudios sobre financierización en América Latina 
250 |a 1a. ed 
300 |a 355 p 
942 |c BK 
945 |d 20180629 12:42:00  |a dcastane 
260 |a Santiago  |b CEPAL  |c 2018 
650 0 |a Finanzas internacionales   |9 255570 
650 0 |a Integración económica  |9 255024 
650 0 |a Desarrollo económico y social   |9 256320 
651 0 |a América Latina   |9 255027 
583 |a last modification  |c 20180629 12:42:00  |k Rodrigo Vera 
490 0 |a Libros de la CEPAL, 152 
999 |c 371631  |d 371629 
952 |0 0  |1 0  |3 erb  |4 0  |6 338_900000000000000_ABE_2018  |7 0  |8 A  |9 488693  |a BIBGIM  |b BIBGIM  |i 5478855  |o 338.9 ABE 2018  |p 5478855  |r 2025-01-15  |w 2019-11-24  |y BK  |z Catalogado en:20180629  |k GIM